Vplyv 4. priemyselnej revolúcie na vývoj medzinárodného obchodu diplomová práca

Enregistré dans:
Détails bibliographiques
Auteur principal: Ferencová, Tatiana
Collectivité auteur: Obchodná fakulta EU. Katedra medzinárodného obchodu
Autres auteurs: Drieniková, Kristína, 1982-
Format: Livre
Langue:slovaque
Publié: Bratislava 2020
Tags: Ajouter un tag
Pas de tags, Soyez le premier à ajouter un tag!

MARC

LEADER 00000nbm a2200000 4500
001 0266345
005 20201008083154.8
041 0 |a slo 
044 |a SK 
245 1 0 |a Vplyv 4. priemyselnej revolúcie na vývoj medzinárodného obchodu  |b diplomová práca  |c Tatiana Ferencová ; školiteľ: Kristína Drieniková 
264 1 |a Bratislava  |c 2020 
300 |a 89 s. 
100 1 |a Ferencová, Tatiana 
700 1 |a Drieniková, Kristína, 1982- 
710 2 |a Obchodná fakulta EU. Katedra medzinárodného obchodu